Statystyki dla Najpopularniejsze imiona żeńskie

Kliknij tutaj aby rozwiązać quiz!

Ogólne statystyki

  • Ten quiz został rozwiązany 67 razy
    (46 od ostatniego zresetowania)
  • Średni wynik to 16 z 24

Statystyki odpowiedzi

HintOdpowiedź% Poprawnych
AAnna
93%
BBarbara
90%
ŁŁucja
78%
WWiktoria
78%
NNatalia
75%
PPaulina
75%
UUrszula
75%
ŻŻaneta
75%
HHanna
73%
KKatarzyna
73%
JJulia
68%
CCzesława
65%
OOliwia
65%
DDominika
63%
MMonika
60%
FFranciszka
58%
ZZuzanna
55%
RRenata
53%
SSylwia
53%
IIzabela
50%
TTeresa
50%
GGabriela
48%
EEmilia
43%
LLaura
43%

Rozkład punktacji

Percentyl według liczby udzielonych odpowiedzi

Procent ludzi z każdym wynikiem

Twoja historia wyników

Nie rozwiązałeś tego quizu od ostatniego zresetowania